000
00293nam a2200109Ia 4500
005
20251222152005.0
008
251222s9999||||xx |||||||||||||| ||spa||
082
_a
362.5/N82
100
_a
"Noriega, Carlos, ed."
245
0
_a
Actores del desarrollo: Fondos concursables de Propoli
942
_c
LIB
999
_c
24671
_d
24671